[Event "La Piazzetta op 1st"]
[Site "Casalpusterlengo"]
[Date "2014.10.05"]
[Round "5"]
[White "Nordio, Giorgio"]
[Black "Vecchio, Paolo L"]
[Result "1-0"]
[WhiteElo "1718"]
[BlackElo "1429"]
[PlyCount "99"]
[EventDate "2014.10.03"]
[EventType "swiss"]
[EventRounds "5"]
[EventCountry "ITA"]
[SourceTitle "EXT 2016"]
[Source "ChessBase"]
[SourceDate "2015.10.08"]
[SourceVersion "1"]
[SourceVersionDate "2015.10.08"]
[SourceQuality "1"]

1. c4 Nf6 2. g3 g6 3. Bg2 Bg7 4. Nf3 0-0 5. 0-0 d6 6. Nc3 c6 7. Rb1 Re8 8. d3 e5 9. b4 Nbd7 10. b5 c5 11. a4 b6 12. Nxe5 Rb8 13. Nc6 Qc7 14. Nxb8 Qxb8 15. Bb2 Bb7 16. Qd2 Bxg2 17. Kxg2 Qb7+ 18. Kg1 Nf8 19. e4 Ne6 20. f3 Nd4 21. Ne2 Nb3 22. Qc2 Na5 23. Bc3 Bh6 24. Bxf6 Be3+ 25. Kg2 Qd7 26. Bc3 h5 27. Bd2 Bd4 28. Nxd4 cxd4 29. Qb2 Nb7 30. Qxd4 Qe7 31. f4 h4 32. Bc3 f6 33. Qxf6 Qxf6 34. Bxf6 Nc5 35. Rfd1 Nxa4 36. Ra1 Kf7 37. Rxa4 Kxf6 38. Rxa7 Rh8 39. Rb7 g5 40. fxg5+ Kxg5 41. Rxb6 h3+ 42. Kg1 Kg4 43. Rf1 Ra8 44. Rb7 Ra2 45. Rg7+ Kh5 46. Rh7+ Kg5 47. Rxh3 Kg4 48. Rh8 d5 49. Rf4+ Kg5 50. Rg8+ 1-0

[Event "Crema op 15th"]
[Site "Crema"]
[Date "2013.09.01"]
[Round "6"]
[White "Menato, Nazario"]
[Black "Vecchio, Paolo L"]
[Result "1/2-1/2"]
[WhiteElo "1542"]
[BlackElo "1435"]
[PlyCount "60"]
[EventDate "2013.08.30"]
[EventType "swiss"]
[EventRounds "6"]
[EventCountry "ITA"]
[SourceTitle "EXT 2015"]
[Source "ChessBase"]
[SourceDate "2014.11.20"]
[SourceVersion "1"]
[SourceVersionDate "2014.11.20"]
[SourceQuality "1"]

1. Nf3 Nf6 2. c4 c5 3. b3 g6 4. Bb2 Bg7 5. d3 0-0 6. e4 d6 7. Be2 Bg4 8. Nbd2 e5 9. 0-0 Nc6 10. h3 Bxf3 11. Nxf3 Re8 12. Nh2 Nd4 13. Bxd4 cxd4 14. f4 h6 15. f5 g5 16. b4 a5 17. b5 b6 18. a4 Rc8 19. Rc1 Kf8 20. Ng4 Rc7 21. Nxf6 Qxf6 22. Bh5 Ke7 23. Qb3 Rc5 24. Rc2 Kd7 25. Rfc1 Rf8 26. Rf1 Kc7 27. Rf3 Kb7 28. Rg3 Rh8 29. Rg4 Bf8 30. Qb2 Ka7 1/2-1/2

[Event "Crema op 15th"]
[Site "Crema"]
[Date "2013.08.31"]
[Round "4"]
[White "Vecchio, Paolo L"]
[Black "Biava, Pierluigi"]
[Result "0-1"]
[WhiteElo "1435"]
[BlackElo "1681"]
[PlyCount "80"]
[EventDate "2013.08.30"]
[EventType "swiss"]
[EventRounds "6"]
[EventCountry "ITA"]
[SourceTitle "EXT 2015"]
[Source "ChessBase"]
[SourceDate "2014.11.20"]
[SourceVersion "1"]
[SourceVersionDate "2014.11.20"]
[SourceQuality "1"]

1. d4 Nf6 2. c4 e6 3. Nc3 Bb4 4. Qc2 b6 5. a3 Bxc3+ 6. Qxc3 Ne4 7. Qc2 f5 8. Nf3 h6 9. Bf4 d6 10. h4 Bb7 11. h5 Qf6 12. 0-0-0 Nxf2 13. Rh2 Nxd1 14. Qxd1 Nd7 15. Nh4 0-0-0 16. Ng6 Rhe8 17. e3 e5 18. Bg3 Qg5 19. Bh4 Qxe3+ 20. Kb1 Be4+ 21. Ka1 Nf6 22. Rh3 Qxd4 23. Qxd4 exd4 24. c5 dxc5 25. Ba6+ Bb7 26. Bd3 Be4 27. Ba6+ Kb8 28. Bg3 Bxg2 29. Rh2 Bb7 30. Bb5 Re3 31. Bf4 Re1+ 32. Ka2 Bd5+ 33. b3 Ne4 34. Rc2 Nc3+ 35. Rxc3 dxc3 36. Bd3 Be4 37. Bxe4 Rxe4 38. Bc1 Re1 39. Kb1 Rdd1 40. Nf4 Rxc1+ 0-1

[Event "Crema op 15th"]
[Site "Crema"]
[Date "2013.08.30"]
[Round "1"]
[White "Oteri, Aldo"]
[Black "Vecchio, Paolo L"]
[Result "0-1"]
[WhiteElo "1772"]
[BlackElo "1435"]
[PlyCount "96"]
[EventDate "2013.08.30"]
[EventType "swiss"]
[EventRounds "6"]
[EventCountry "ITA"]
[SourceTitle "EXT 2015"]
[Source "ChessBase"]
[SourceDate "2014.11.20"]
[SourceVersion "1"]
[SourceVersionDate "2014.11.20"]
[SourceQuality "1"]

1. e4 c6 2. d4 d5 3. exd5 cxd5 4. c4 Nf6 5. Nc3 Bf5 6. cxd5 Nxd5 7. Qf3 e6 8. Bc4 Bb4 9. Bd2 Bxc3 10. bxc3 0-0 11. Ne2 Nc6 12. 0-0 Rc8 13. Bd3 Bxd3 14. Qxd3 h6 15. Rab1 b6 16. c4 Nf6 17. Bc3 Ne5 18. Qc2 Nxc4 19. Qa4 Qd7 20. Qxd7 Nxd7 21. Rfc1 Rc7 22. a4 Rfc8 23. f4 Nf6 24. Ng3 Nd6 25. Bd2 Rxc1+ 26. Rxc1 Rxc1+ 27. Bxc1 Nde4 28. Nxe4 Nxe4 29. Bb2 f5 30. Kf1 g5 31. fxg5 hxg5 32. Ke2 Kf7 33. Ke3 Nd6 34. Bc1 a6 35. Kf3 Kf6 36. g4 b5 37. axb5 axb5 38. gxf5 Kxf5 39. Ba3 g4+ 40. Kg3 Nc4 41. Bb4 Nb2 42. Bd6 Nd3 43. Kg2 b4 44. Kf1 b3 45. Ba3 Ke4 46. Kg2 Kf5 47. Kf1 b2 48. Bxb2 Nxb2 0-1

[Event "Crema op 13th"]
[Site "Crema"]
[Date "2011.09.03"]
[Round "3"]
[White "Vecchio, Paolo L"]
[Black "Cocconcelli, Lorenzo"]
[Result "0-1"]
[WhiteElo "1335"]
[BlackElo "1859"]
[PlyCount "94"]
[EventDate "2011.09.02"]
[EventType "swiss"]
[EventRounds "6"]
[EventCountry "ITA"]
[SourceTitle "EXT 2022"]
[Source "ChessBase"]
[SourceDate "2021.10.06"]
[SourceVersion "1"]
[SourceVersionDate "2021.10.06"]
[SourceQuality "1"]

1. b3 d5 2. Nf3 Nf6 3. d4 Bf5 4. e3 e6 5. Bd3 Ne4 6. Nfd2 Bd6 7. Bxe4 dxe4 8. Ba3 Qg5 9. Bxd6 Qxg2 10. Rf1 cxd6 11. f3 Qxh2 12. Qe2 Qxe2+ 13. Kxe2 exf3+ 14. Nxf3 h5 15. c4 h4 16. Nbd2 Na6 17. a3 f6 18. e4 Bg4 19. Rh1 e5 20. Kf2 Bxf3 21. Nxf3 g5 22. Rag1 Ke7 23. b4 Nc7 24. d5 a5 25. b5 Rac8 26. a4 Na8 27. Nxg5 fxg5 28. Rxg5 Rhf8+ 29. Rf5 Rxf5+ 30. exf5 Rxc4 31. Rg1 Rf4+ 32. Ke3 Rxf5 33. Rg7+ Rf7 34. Rg4 Nb6 35. Rxh4 Nxd5+ 36. Kd3 Ke6 37. Rh8 Nb6 38. Rh6+ Kd5 39. Rh5 Nxa4 40. Rh4 e4+ 41. Ke3 Rf3+ 42. Kd2 Kd4 43. Rh8 Rf2+ 44. Ke1 Rb2 45. Rh3 e3 46. Rh4+ Kd3 47. Rxa4 Rb1# 0-1

[Event "Crema op 12th"]
[Site "Crema "]
[Date "2010.09.05"]
[Round "2"]
[White "Cautiero, Pietro"]
[Black "Vecchio, Paolo L"]
[Result "1-0"]
[WhiteElo "1686"]
[BlackElo "1368"]
[PlyCount "55"]
[EventDate "2010.09.05"]
[EventType "swiss"]
[EventRounds "6"]
[EventCountry "ITA"]
[SourceTitle "EXT 2012"]
[Source "ChessBase"]
[SourceDate "2011.11.24"]
[SourceVersion "1"]
[SourceVersionDate "2011.11.24"]
[SourceQuality "1"]

1. Nf3 Nf6 2. g3 d6 3. Bg2 e5 4. d3 Nc6 5. 0-0 Nd4 6. c3 Nxf3+ 7. Bxf3 Bg4 8. Bxb7 Bh3 9. Re1 Rb8 10. Qa4+ Qd7 11. Bc6 Rd8 12. Bxd7+ Rxd7 13. Qxa7 d5 14. Bg5 h6 15. Bxf6 gxf6 16. Qb8+ Ke7 17. Qb4+ Ke6 18. Qh4 Bf5 19. e4 dxe4 20. dxe4 Bh7 21. Na3 Bxa3 22. bxa3 Bg6 23. f4 Rd3 24. f5+ Bxf5 25. exf5+ Kd6 26. Qxf6+ Kd5 27. Rxe5+ Kc4 28. Qc6# 1-0

[Event "Crema op 12th"]
[Site "Crema "]
[Date "2010.09.05"]
[Round "6"]
[White "Galli, Fabrizio"]
[Black "Vecchio, Paolo L"]
[Result "1-0"]
[WhiteElo "1472"]
[BlackElo "1368"]
[PlyCount "37"]
[EventDate "2010.09.05"]
[EventType "swiss"]
[EventRounds "6"]
[EventCountry "ITA"]
[SourceTitle "EXT 2012"]
[Source "ChessBase"]
[SourceDate "2011.11.24"]
[SourceVersion "1"]
[SourceVersionDate "2011.11.24"]
[SourceQuality "1"]

1. d4 Nf6 2. Nf3 g6 3. Nbd2 d6 4. e4 c6 5. Bd3 Bg4 6. h3 Bxf3 7. Qxf3 Bh6 8. 0-0 Bxd2 9. Bxd2 Qb6 10. Bc3 Nbd7 11. a4 a5 12. Rae1 c5 13. Qe3 cxd4 14. Bxd4 Nc5 15. e5 Nd5 16. Bb5+ Kf8 17. Qh6+ Kg8 18. exd6 exd6 19. Qg7# 1-0

[Event "Crema op 12th"]
[Site "Crema "]
[Date "2010.09.05"]
[Round "1"]
[White "Vecchio, Paolo L"]
[Black "Scarabelli, Maurizio"]
[Result "0-1"]
[WhiteElo "1368"]
[BlackElo "1825"]
[PlyCount "90"]
[EventDate "2010.09.05"]
[EventType "swiss"]
[EventRounds "6"]
[EventCountry "ITA"]
[SourceTitle "EXT 2012"]
[Source "ChessBase"]
[SourceDate "2011.11.24"]
[SourceVersion "1"]
[SourceVersionDate "2011.11.24"]
[SourceQuality "1"]

1. e4 c5 2. Bc4 e6 3. Nf3 a6 4. d3 Nc6 5. a3 Qc7 6. Be3 Be7 7. Nc3 d6 8. b3 b5 9. Bd5 exd5 10. Nxd5 Qd8 11. c4 Nf6 12. cxb5 axb5 13. d4 Nxd5 14. exd5 Nxd4 15. Bxd4 cxd4 16. Qxd4 Bf6 17. Qe3+ Qe7 18. Qxe7+ Kxe7 19. Ra2 Re8 20. b4 Kf8+ 21. Kd1 Bg4 22. Re1 Bxf3+ 23. gxf3 Rxe1+ 24. Kxe1 Bc3+ 25. Kd1 Bxb4 26. Rb2 Bc5 27. Rxb5 Rxa3 28. Rb8+ Ke7 29. Rc8 Rxf3 30. Rg8 g6 31. Rg7 Rh3 32. f4 Rxh2 33. Kc1 h5 34. f5 Kf6 35. Rh7 g5 36. Rh6+ Kxf5 37. Kd1 g4 38. Rh7 f6 39. Rd7 g3 40. Rc7 g2 41. Kc2 g1Q+ 42. Kb3 Qe3+ 43. Ka4 Qa3+ 44. Kb5 Rb2+ 45. Kc6 Qa4# 0-1

[Event "Crema op 12th"]
[Site "Crema "]
[Date "2010.09.05"]
[Round "5"]
[White "Vecchio, Paolo L"]
[Black "Secondi, Alberto"]
[Result "0-1"]
[WhiteElo "1368"]
[BlackElo "1455"]
[PlyCount "64"]
[EventDate "2010.09.05"]
[EventType "swiss"]
[EventRounds "6"]
[EventCountry "ITA"]
[SourceTitle "EXT 2012"]
[Source "ChessBase"]
[SourceDate "2011.11.24"]
[SourceVersion "1"]
[SourceVersionDate "2011.11.24"]
[SourceQuality "1"]

1. e4 d6 2. d4 g6 3. Nc3 Bg7 4. d5 Nf6 5. h3 0-0 6. Bd3 c6 7. Be3 cxd5 8. exd5 Re8 9. Nf3 Nbd7 10. 0-0 Nb6 11. Bf4 Nfxd5 12. Nxd5 Nxd5 13. Qd2 e5 14. Bb5 Nxf4 15. Bxe8 Qxe8 16. Ng5 Qc6 17. f3 Bf5 18. Rac1 Re8 19. Qf2 a6 20. g4 Bxg4 21. Kh2 Bd7 22. Rg1 Qc4 23. b3 Qe2 24. Rgf1 Qxf2+ 25. Rxf2 f5 26. Rd1 d5 27. c4 d4 28. Kg3 e4 29. h4 e3 30. Rh2 e2 31. Re1 d3 32. Rhh1 d2 0-1